[Event "Basel Hilton op 12th"]
[Site "Basel"]
[Date "2010.01.02"]
[Round "2"]
[White "Sommerhalder, Eric"]
[Black "Altmann, Dominik"]
[Result "1/2-1/2"]
[WhiteElo "1899"]
[BlackElo "2067"]
[PlyCount "63"]
[EventDate "2010.01.01"]
[EventType "swiss"]
[EventRounds "7"]
[EventCountry "SUI"]
[SourceTitle "CBM 134 Extra"]
[Source "ChessBase"]
[SourceDate "2010.03.03"]
[SourceVersion "1"]
[SourceVersionDate "2010.03.03"]
[SourceQuality "1"]

1. e4 e6 2. d4 d5 3. Nc3 Bb4 4. e5 c5 5. a3 Bxc3+ 6. bxc3 Qa5 7. Bd2 Ne7 8. a4 Nbc6 9. Bd3 c4 10. Be2 Bd7 11. Qb1 0-0-0 12. Nh3 f6 13. f4 Rdf8 14. Qb5 Qc7 15. Qb2 fxe5 16. fxe5 Ng6 17. Bf3 Nh4 18. 0-0 Nxf3+ 19. Rxf3 Rxf3 20. gxf3 Rf8 21. Rf1 Qd8 22. f4 Qh4 23. Nf2 Rf5 24. Nh1 Rh5 25. Rf2 Qg4+ 26. Ng3 Rh3 27. Qc1 Ne7 28. Rg2 Qf3 29. Rf2 Qg4 30. Rg2 Qf3 31. Rf2 Qg4 32. Rg2 1/2-1/2

[Event "Basel Hilton op 08th"]
[Site "Basel"]
[Date "2006.01.07"]
[Round "7"]
[White "Altmann, Dominik"]
[Black "Drechsler, Christoph"]
[Result "1/2-1/2"]
[WhiteElo "2089"]
[BlackElo "2242"]
[PlyCount "126"]
[EventDate "2006.01.01"]
[EventType "swiss"]
[EventRounds "7"]
[EventCountry "SUI"]
[SourceTitle "CBM 110 Extra"]
[Source "ChessBase"]
[SourceDate "2006.03.10"]
[SourceVersion "2"]
[SourceVersionDate "2006.03.10"]
[SourceQuality "1"]

1. d4 g6 2. c4 Bg7 3. Nc3 d6 4. e4 e5 5. dxe5 dxe5 6. Qxd8+ Kxd8 7. Be3 Be6 8. Rd1+ Nd7 9. g3 Bh6 10. Bc5 Kc8 11. Ba3 Ngf6 12. b3 Bf8 13. Bxf8 Rxf8 14. Bg2 Nc5 15. Nge2 c6 16. Nc1 Kc7 17. Nd3 Nxd3+ 18. Rxd3 Rad8 19. Ke2 Rxd3 20. Kxd3 Ng4 21. Ke2 f5 22. f3 Nf6 23. Bh3 Bc8 24. exf5 gxf5 25. Rd1 Rg8 26. Kf2 Rg6 27. Re1 Kd6 28. Rd1+ Ke6 29. Rd8 Rg8 30. Rxg8 Nxg8 31. g4 Nf6 32. gxf5+ Ke7 33. Ke3 b6 34. f4 exf4+ 35. Kxf4 h6 36. Ke5 Bd7 37. a3 Be8 38. b4 Bf7 39. c5 Bb3 40. Ne4 Nxe4 41. Kxe4 Kf6 42. Kf4 Bc2 43. Bg4 bxc5 44. bxc5 Bd3 45. Bf3 Bb5 46. Be4 Ba4 47. Bf3 Bb5 48. Bd1 Bc4 49. Bc2 Ba6 50. a4 Bc8 51. Be4 Bd7 52. a5 Be8 53. Bd3 Bd7 54. Be4 Be8 55. Bf3 Bd7 56. Bh5 Bc8 57. Be8 Bb7 58. Bd7 Ke7 59. Be6 Kf6 60. h3 Ba6 61. Bd7 Bb5 62. Be6 Bf1 63. h4 Bb5 1/2-1/2

[Event "Basel Hilton op 08th"]
[Site "Basel"]
[Date "2006.01.04"]
[Round "4"]
[White "Altmann, Dominik"]
[Black "Giertz, Niklaus"]
[Result "0-1"]
[WhiteElo "2089"]
[BlackElo "2282"]
[PlyCount "152"]
[EventDate "2006.01.01"]
[EventType "swiss"]
[EventRounds "7"]
[EventCountry "SUI"]
[SourceTitle "CBM 110 Extra"]
[Source "ChessBase"]
[SourceDate "2006.03.10"]
[SourceVersion "2"]
[SourceVersionDate "2006.03.10"]
[SourceQuality "1"]

1. d4 d5 2. c4 dxc4 3. Nf3 Nf6 4. e3 e6 5. Bxc4 c5 6. 0-0 Nc6 7. Nc3 Be7 8. Qe2 cxd4 9. Rd1 0-0 10. exd4 Na5 11. Bd3 b6 12. Bg5 Bb7 13. Rac1 Rc8 14. Ne5 Nd5 15. Bd2 Bg5 16. Qh5 h6 17. Bxg5 Qxg5 18. Qxg5 hxg5 19. Ne4 f6 20. Ng6 Rxc1 21. Rxc1 Rc8 22. Rxc8+ Bxc8 23. Bb5 Bb7 24. Nd6 Bc6 25. Ba6 Bd7 26. Kf1 Nb4 27. Ne7+ Kh7 28. Be2 Nac6 29. Nxc6 Nxc6 30. Bb5 Kg8 31. Nc8 Bxc8 32. Bxc6 Kf8 33. g3 Ke7 34. Ke2 Bd7 35. Bf3 Kd6 36. Kd3 Bc6 37. Bh5 Bb5+ 38. Ke3 Bc4 39. a3 Ba2 40. Bf3 a5 41. b4 axb4 42. axb4 Bc4 43. Be4 Bd5 44. Bd3 Kc6 45. Kd2 Ba2 46. Be4+ Kb5 47. Kc3 Bd5 48. Bd3+ Kc6 49. Kd2 Bg2 50. Bc4 Kd6 51. Ke3 Bc6 52. Bd3 Bd5 53. Bc2 Bc4 54. Be4 Bb5 55. Bf3 Be8 56. Bd1 Bg6 57. Bb3 Bf5 58. Bc4 Kc6 59. Kd2 g4 60. Ke3 g5 61. Kd2 Kd6 62. Ke3 Bg6 63. Kd2 Be8 64. Ke3 Bc6 65. Bb3 f5 66. Bc4 e5 67. dxe5+ Kxe5 68. Ba6 Be4 69. Bb5 f4+ 70. Kd2 Kd4 71. Ba6 Bf5 72. Bb5 Be6 73. Ba6 Bd5 74. Bc8 Kc4 75. Bxg4 Kxb4 76. gxf4 gxf4 0-1